书目信息 |
| 题名: |
放射化学和核过程化学
|
|
| 作者: | Мурин , 穆林 著 ;陶祖贻 , 赵爱民 译 | |
| 分册: | 第一册 | |
| 出版信息: | 北京 人民教育出版社 1965 |
|
| 页数: | 241页 | |
| 开本: | 21cm | |
| 丛书名: | ||
| 单 册: | ||
| 中图分类: | O615 | |
| 科图分类: | ||
| 主题词: | 放射化学 , 核化学 | |
| 电子资源: | ||
| ISBN: | ||
| 000 | 00865nam0 2200277 45 | |
| 001 | 0181005400 | |
| 005 | 20060817170133.43 | |
| 010 | @dCNY0.69 | |
| 100 | @a19950222d1965 em y0chiy0121 ea | |
| 101 | 1 | @achi@crus |
| 102 | @aCN@b110000 | |
| 105 | @ay z 000yy | |
| 200 | 10 | @a放射化学和核过程化学@Afang she hua xue he he guo cheng hua xue@h第一册@f(苏)穆林(А.Н.Мурин)等著@g陶祖贻,赵爱民译 |
| 210 | @a北京@c人民教育出版社@d1965 | |
| 215 | @a241页@d21cm | |
| 510 | 1 | @aРадиохмия и химия ядерных процессов@zrus |
| 606 | @a放射化学 | |
| 606 | @a核化学 | |
| 690 | @aO615@v3 | |
| 701 | A1 | @aМурин@bА.Н.@4著 |
| 701 | 1 | @a穆林@Amu lin@bА.Н.@4著 |
| 702 | 0 | @a陶祖贻@Atao zu yi@4译 |
| 702 | 0 | @a赵爱民@Azhao ai min@4译 |
| 801 | 0 | @aCN@bTSSF@c20060817 |
| 801 | 2 | @aCN@bNLC@c20060731 |
| 905 | @a10447@dO615@e8:1 | |
| 放射化学和核过程化学.第一册/(苏)穆林(А.Н.Мурин)等著/陶祖贻,赵爱民译.-北京:人民教育出版社,1965 |
| 241页;21cm |
| ISBN :CNY0.69 |
| ● |
| 相关链接 |
|
|
|
|
正题名:放射化学和核过程化学
索取号:O615/8:1
 
预约/预借
| 序号 | 登录号 | 条形码 | 馆藏地/架位号 | 状态 | 备注 |
| 1 | 0434188 | 204341881 | 密集书库/ [索取号:O615/8:1] | 在馆 | |
| 2 | 0468492 | 204684920 | 密集书库/ [索取号:O615/8:1] | 在馆 |